000 00236nam a22000857a 4500
008 161201b xxu||||| |||| 00| 0 eng d
100 _91706
_aGupta. B. R
245 _aPoineer english grammer & Composition
260 _aNew delhi
_bNavdeep
_c2006
999 _c4419
_d4419